|
|
|
|
| LEADER |
01080pam a22002778a 4500 |
| 001 |
00022573 |
| 005 |
20191225151250.0 |
| 008 |
110531s1995 ||||||Viesd |
| 041 |
0 |
# |
|a Vie
|
| 082 |
1 |
4 |
|a 370.7
|b GI108D
|
| 100 |
0 |
# |
|a Đặng Vũ Hoạt
|
| 245 |
0 |
0 |
|a Giáo dục học đại cương II
|b Tài Liệu dùng cho các trường ĐH SP và CĐSP
|c Đặng Vũ Hoạt, Nguyễn Sinh Huy, Hà Thị Đức
|
| 260 |
# |
# |
|a H.
|b Nxb Hà Nội
|c 1995
|
| 300 |
# |
# |
|a 119 tr.
|c 21 cm.
|
| 500 |
# |
# |
|a ĐTTS ghi: Bộ giáo dục và đào tạo. Chương trình giáo trình Đại học
|
| 653 |
# |
# |
|a Giáo dục học
|
| 653 |
# |
# |
|a Nhân cách
|
| 653 |
# |
# |
|a Đại học
|
| 700 |
0 |
# |
|a Hà Thị Đức
|
| 700 |
0 |
# |
|a Nguyễn Sinh Huy
|
| 852 |
# |
# |
|b Kho giáo trình
|j KGT.0018770
|
| 852 |
# |
# |
|b Kho mượn
|j KGT.0018770
|
| 852 |
# |
# |
|j KD.0009537
|b Kho đọc
|
| 852 |
# |
# |
|j KGT.0018770
|j KD.0009537
|j KGT.0058035
|
| 910 |
0 |
# |
|a Đức
|d 31/05/2011
|
| 980 |
# |
# |
|a Trung tâm Học liệu Lê Vũ Hùng, Trường Đại học Đồng Tháp
|